| 000 | 00619cam a22001691 4500 | ||
|---|---|---|---|
| 082 |
_a940.4 _bBUC |
||
| 100 | 1 |
_aBuchan, John, _911826 |
|
| 245 | 1 | 0 |
_aNelson's History of the war. _cBy John Buchan. |
| 260 |
_aLondon, _aNew York, _bT. Nelson _c[1915-1919] |
||
| 300 |
_a 24 v. _bmaps (part fold.) diagrs. _c19 cm. |
||
| 500 | _a"With a preface by the Earl of Roseberry, K. G."--t.-p. of vol. I. | ||
| 500 | _aSubsequently published in 4 volumes under title: A history of the great war. | ||
| 526 |
_a0 _b0 _c0 _d940_400000000000000_BUC |
||
| 650 | 0 |
_aMCE _9379 |
|
| 650 | 0 |
_aWorld War, 1914-1918. _928173 |
|
| 942 |
_2ddc _cBK |
||
| 999 |
_c553301 _d553301 |
||